书目信息 |
| 题名: |
美学论集
|
|
| 作者: | 李泽厚 著 | |
| 分册: | ||
| 出版信息: | 上海 上海文艺出版社 1980 |
|
| 页数: | 578页 | |
| 开本: | 21cm | |
| 丛书名: | ||
| 单 册: | ||
| 中图分类: | B83-53 , B83 | |
| 科图分类: | ||
| 主题词: | 美学--文集 | |
| 电子资源: | ||
| ISBN: | ||
| 000 | 00581nam0 2200241 45 | |
| 001 | 1257057562 | |
| 005 | 20120927155417.76 | |
| 010 | @dCNY1.60 | |
| 091 | @aCN@b10072.3124 | |
| 100 | @a19950706d1980 emky0chiy0121 ea | |
| 101 | 0 | @achi |
| 102 | @aCN@b310000 | |
| 105 | @ay z 000yy | |
| 200 | 10 | @a美学论集@Amei xue lun ji@f李泽厚著 |
| 210 | @a上海@c上海文艺出版社@d1980 | |
| 215 | @a578页@d21cm | |
| 606 | 0 | @a美学@x文集 |
| 690 | @aB83-53@v3 | |
| 690 | @aB83@v4 | |
| 701 | 0 | @a李泽厚@Ali ze hou@4著 |
| 801 | 0 | @aCN@bTSSF |
| 801 | 2 | @aCN@bNLC |
| 905 | @a10447@dB83@eJY5 | |
| 美学论集/李泽厚著.-上海:上海文艺出版社,1980 |
| 578页;21cm |
| ISBN :CNY1.60 |
| ● |
| 相关链接 |
|
|
|
|
正题名:美学论集
索取号:B83/JY5
 
预约/预借
| 序号 | 登录号 | 条形码 | 馆藏地/架位号 | 状态 | 备注 |
| 1 | 7829966 | 278299663 | 学院路分馆/ [索取号:B83/JY5] | 在馆 | |
| 2 | 7829967 | 278299672 | 学院路分馆/ [索取号:B83/JY5] | 在馆 | |
| 3 | 7829968 | 278299681 | 学院路分馆/ [索取号:B83/JY5] | 在馆 | |
| 4 | 7829969 | 278299690 | 学院路分馆/ [索取号:B83/JY5] | 在馆 |